Statistics for Countries on the Mediterranean

Click here to take the quiz!

General Stats

  • This quiz has been taken 37 times
  • The average score is 19 of 21

Answer Stats

Answer% Correct
Italy
100%
Monaco
100%
Spain
100%
Egypt
97%
Croatia
94%
Cyprus
94%
Greece
94%
Libya
94%
Albania
91%
Malta
91%
Tunisia
91%
Turkey
91%
Algeria
89%
France
89%
Morocco
89%
Israel
86%
Montenegro
86%
Slovenia
86%
Syria
83%
Lebanon
80%
Bosnia and Herzegovina
40%

Score Distribution

Percentile by Number Answered

Percent of People with Each Score

Your Score History

You have not taken this quiz